| Tag |
First Indicator |
Second Indicator |
Subfields |
| LEADER |
00000cam a2200000 a 4500 |
| 001 |
in00000095409 |
| 005 |
20150923173516.0 |
| 008 |
780124s1973 ohua 00010 eng d |
| 035 |
|
|
|a (OCoLC)03577529
|
| 035 |
|
|
|9 AAK8050AM
|
| 040 |
|
|
|a AAA
|c AAA
|d TXA
|d UtOrBLW
|
| 043 |
|
|
|a n-us---
|
| 049 |
|
|
|a TXAM
|c [1655925]
|
| 090 |
|
|
|a TH6239
|b F36 1973
|
| 100 |
1 |
|
|a Fala, Mario J.
|
| 245 |
1 |
0 |
|a Principles of residential plumbing inspection /
|c by Mario J. Fala.
|
| 250 |
|
|
|a 2nd ed.
|
| 264 |
|
1 |
|a Cleveland, Ohio :
|b American Society of Sanitary Engineering,
|c [1973]
|
| 264 |
|
4 |
|c ©1973
|
| 300 |
|
|
|a 139 pages :
|b illustrations ;
|c 23 cm.
|
| 336 |
|
|
|a text
|b txt
|2 rdacontent
|
| 337 |
|
|
|a unmediated
|b n
|2 rdamedia
|
| 338 |
|
|
|a volume
|b nc
|2 rdacarrier
|
| 500 |
|
|
|a At head of title: Residential plumbing inspector's manual.
|
| 650 |
|
0 |
|a Plumbing
|x Law and legislation
|z United States.
|
| 650 |
|
0 |
|a Plumbing
|x Inspection.
|
| 740 |
0 |
|
|a Residential plumbing inspector's manual.
|
| 999 |
|
|
|a MARS
|
| 999 |
f |
f |
|s 106078f5-cc22-3288-9c4c-ac9c7ce8a164
|i 089a2523-2526-3b95-a976-fb3e598004cd
|t 0
|
| 952 |
f |
f |
|p ric
|a Texas A&M University
|b Rellis Campus
|c Joint Library Facility
|d Remote Storage
|t 0
|e TH6239 F36 1973
|h Library of Congress classification
|i unmediated -- volume
|m A14806022617
|
| 998 |
f |
f |
|a TH6239 F36 1973
|t 0
|l Remote Storage
|